Größte europäische Stadt pro Buchstabe - Statistiken

Allgemein
  • Dieses Quiz wurde 102 mal gespielt
  • Das Durchschnittsergebnis liegt bei 16 aus 26
Antwortstatistiken
Region Einwohner Stadt % Korrekt
B Mitteleuropa 3.690.000 Berlin
100%
M Osteuropa 12.460.000 Moskau
95%
L Westeuropa 9.090.000 London
94%
H Mitteleuropa 1.860.000 Hamburg
89%
F Mitteleuropa 756.000 Frankfurt am Main
87%
P Westeuropa 2.050.000 Paris
87%
R Südeuropa 2.750.000 Rom
87%
A Westeuropa 931.000 Amsterdam
86%
I Südosteuropa 15.700.000 Istanbul
86%
K Osteuropa 2.950.000 Kiew
86%
S Osteuropa 5.380.000 Sankt Petersburg
81%
W Mitteleuropa 2.030.000 Wien
81%
Z Südosteuropa 772.000 Zagreb
76%
E Mitteleuropa 575.000 Essen
74%
T Südeuropa 857.000 Turin
60%
C Osteuropa 1.420.000 Charkiw
58%
O Osteuropa 1.010.000 Odessa
48%
V Südeuropa 826.000 Valencia
48%
G Westeuropa 632.000 Glasgow
39%
D Osteuropa 970.000 Dnipro
31%
N Osteuropa 1.240.000 Nischni Nowgorod
31%
U Osteuropa 1.130.000 Ufa
31%
Y Westeuropa 200.000 York
26%
J Osteuropa 601.000 Jaroslawl
14%
Q Westeuropa 64.000 Quimper
6%
X Südeuropa 31.000 Xàtiva
0%
Keine übereinstimmenden Quizze gefunden
Verteilung der Resultate
Anzahl Personen mit jedem Resultat
Perzentil nach korrekt beantworteten Fragen
Ihre Resultats-Entwicklung
Sie haben dieses Quiz noch nicht gespielt